|
|
|
|
| LEADER |
00582cam a2200181 7i4500 |
| 001 |
0000027771 |
| 005 |
20120523090000.0 |
| 020 |
0 |
0 |
|a 9789287037831
|
| 090 |
0 |
0 |
|a I 338.7
|b WOR
|
| 110 |
2 |
0 |
|a World Trade Organization (WTO)
|
| 245 |
2 |
0 |
|a Making globalization socially sustainable.
|
| 260 |
0 |
0 |
|a Geneva:
|b World Trade Organization (WTO),
|c 2011.
|
| 300 |
# |
# |
|a 320 p.
|
| 650 |
0 |
0 |
|a International trade
|
| 650 |
0 |
0 |
|a Globalization --
|x Economic aspects
|
| 650 |
0 |
0 |
|a Globalization --
|x Social aspects
|
| 650 |
0 |
0 |
|a Labor market
|
| 999 |
|
|
|a 0000030327
|b Book
|c International
|e Business Information Centre
|